<?xml version="1.0" encoding="UTF-8"?>
<collection xmlns="http://www.loc.gov/MARC21/slim">
 <record>
  <leader>     na                 </leader>
  <controlfield tag="001">INLIS000000000000494</controlfield>
  <controlfield tag="005">20241015021819</controlfield>
  <datafield tag="035" ind1=" " ind2=" ">
   <subfield code="a">0010-0520000494</subfield>
  </datafield>
  <controlfield tag="008">241015                |          0 ind  </controlfield>
  <datafield tag="020" ind1=" " ind2=" ">
   <subfield code="a">9799052238</subfield>
  </datafield>
  <datafield tag="041" ind1=" " ind2=" ">
   <subfield code="a">ind</subfield>
  </datafield>
  <datafield tag="082" ind1=" " ind2=" ">
   <subfield code="a">352</subfield>
  </datafield>
  <datafield tag="084" ind1=" " ind2=" ">
   <subfield code="a">352 DEW</subfield>
  </datafield>
  <datafield tag="100" ind1="0" ind2=" ">
   <subfield code="a">Dewan Perwakilan Daerah</subfield>
  </datafield>
  <datafield tag="245" ind1="1" ind2=" ">
   <subfield code="a">Dewan Perwakilan Daerah :</subfield>
   <subfield code="b">Dalam Sistem Ketatanegaraan Republik Indonesia /</subfield>
   <subfield code="c">Edited by Janedjri M. Gaffar dkk</subfield>
  </datafield>
  <datafield tag="250" ind1=" " ind2=" ">
   <subfield code="a">Cet ke -1</subfield>
  </datafield>
  <datafield tag="260" ind1=" " ind2=" ">
   <subfield code="a">Jakarta :</subfield>
   <subfield code="b">Qisthi Press,</subfield>
   <subfield code="c">2003</subfield>
  </datafield>
  <datafield tag="300" ind1=" " ind2=" ">
   <subfield code="a">vii,250p.;20 cm ;</subfield>
   <subfield code="c">20 cm</subfield>
  </datafield>
  <datafield tag="520" ind1=" " ind2=" ">
   <subfield code="a">DPD merupakan lembaga perwakilan kewilayahan/kedaerahan yang anggota-anggotanya adalah perseorangan. Tugas, fungsi dan wewenang DPD sangat terkait erat dengan memperjuangkan dan memadukan aspirasi, kepentingan, dan keberadaan wilayah-wilayah/daerah-daerah yang demikian banyak dan geragam dengan tetap menjaga dan menjunjung tinggi NKRI. Dalam buku ini dikaji secara mendalam, baik dari aspek teoritis, keilmuan, praktek ketatanegaraan, maupun semangat dan maksud serta tujuan pembentukan DPD oleh MPR. Adalah penting dalam mengkaji lebih jauh bagaimana posisi DPD yang &quot;lemah dan terbatas&quot; seperti diatur dalam UUD 1945 dapat diterjemahkan dalam fungsi-fungsi dan tugas-tugas yang lebih strategis secara nasional melalui peraturan perundang-undangan. Selain pengaturan melalui peraturan perundang-undangan pelembagaan hubungan kerja antara lembaga perlu dioperasionalkan dan dijamin melalui tata tertib dari lembaga-lembaga tersebut.</subfield>
  </datafield>
  <datafield tag="650" ind1=" " ind2="4">
   <subfield code="a">Hukum Tata Negara - Indonesia</subfield>
  </datafield>
  <datafield tag="650" ind1=" " ind2="4">
   <subfield code="a">Lembaga Negara - Indonesia</subfield>
  </datafield>
  <datafield tag="700" ind1="0" ind2=" ">
   <subfield code="a">Edited by Janedjri M. Gaffar dkk</subfield>
  </datafield>
  <datafield tag="990" ind1=" " ind2=" ">
   <subfield code="a">02055/MKRI-P/III-2005</subfield>
  </datafield>
  <datafield tag="990" ind1=" " ind2=" ">
   <subfield code="a">02051/MKRI-P/III-2005</subfield>
  </datafield>
  <datafield tag="990" ind1=" " ind2=" ">
   <subfield code="a">05670/MKRI-P/VII-2008</subfield>
  </datafield>
  <datafield tag="990" ind1=" " ind2=" ">
   <subfield code="a">02054/MKRI-P/III-2005</subfield>
  </datafield>
  <datafield tag="990" ind1=" " ind2=" ">
   <subfield code="a">02058/MKRI-P/III-2005</subfield>
  </datafield>
  <datafield tag="990" ind1=" " ind2=" ">
   <subfield code="a">02056/MKRI-P/III-2005</subfield>
  </datafield>
  <datafield tag="990" ind1=" " ind2=" ">
   <subfield code="a">02053/MKRI-P/III-2005</subfield>
  </datafield>
  <datafield tag="990" ind1=" " ind2=" ">
   <subfield code="a">02052/MKRI-P/III-2005</subfield>
  </datafield>
  <datafield tag="990" ind1=" " ind2=" ">
   <subfield code="a">05353/MKRI-P/IV-2008</subfield>
  </datafield>
  <datafield tag="990" ind1=" " ind2=" ">
   <subfield code="a">05351/MKRI-P/IV-2008</subfield>
  </datafield>
  <datafield tag="990" ind1=" " ind2=" ">
   <subfield code="a">05350/MKRI-P/IV-2008</subfield>
  </datafield>
  <datafield tag="990" ind1=" " ind2=" ">
   <subfield code="a">02057/MKRI-P/III-2005</subfield>
  </datafield>
  <datafield tag="990" ind1=" " ind2=" ">
   <subfield code="a">05349/MKRI-P/IV-2008</subfield>
  </datafield>
  <datafield tag="990" ind1=" " ind2=" ">
   <subfield code="a">05352/MKRI-P/IV-2008</subfield>
  </datafield>
  <datafield tag="990" ind1=" " ind2=" ">
   <subfield code="a">19405/MKRI-P/X-2010</subfield>
  </datafield>
 </record>
</collection>
